minecraft-qu'est ce qui est faux - Statistiques

Statistiques générales
  • Ce quiz a été pris 509 fois
    493 depuis la dernière actualisation
  • Le résultat moyen est 6 sur 8
Answers on the Grid
Answers color-coded by a green-red scale on the quiz's grid according to % correct below.
enderman
creeper
koala
singe
rubys
porte armure
ours polaire
loup
dragon
pelle en terre
porte en netherite
herobrine
giant alex
echafaudage
echelle
jumelle
 
Statistiques - réponses
Réponse % Correct
koala
87%
singe
86%
rubys
81%
pelle en terre
75%
giant alex
72%
porte en netherite
72%
jumelle
69%
herobrine
66%
Aucun quiz correspondant
Distribution des résultats
% des personnes avec chaque résultat
Percentile par nombre de réponses
Votre historique - résultats
Vous n’avez pas pris ce quiz depuis la dernière actualisation